000 00612nam a2200217Ia 4500
003 BUBTL
008 151213s9999 xx 000 0 und d
020 _a9789325960107
082 _a346 / K9524m
100 _a Kuchhal, M. C.
_9134
245 _aMercantile Law /
_cM.C. Kuchhal, Vivek Kuchhal
250 _a8th ed.
260 _aNew Delhi :
_bVikas Publishing House Pvt Ltd,
_cc2013
300 _axxix,690 p. :
_c22 cm.
650 _aLaw
_94117
650 _aLaw
_94117
700 _aKuchhal, Vivek
_92053
856 _k0
_l0
_yDownload
942 _2ddc
_cBK
999 _c953
_d953